WHO drug information
| Corporate Author: | |
|---|---|
| Format: | Electronic Serial |
| Language: | English French Spanish |
| Published: |
Geneva :
World Health Organization
|
| Series: | Expanded Academic ASAP electronic journal collection.
|
| Subjects: | |
| Online Access: | Full text available from Research Library: 01/01/1998 to present |
MARC
| LEADER | 00000nas a2200000 a 4500 | ||
|---|---|---|---|
| 001 | ssj0007398 | ||
| 003 | WaSeSS | ||
| 005 | 20200512172242.0 | ||
| 006 | m d | ||
| 007 | cr n | ||
| 008 | 050614c19879999sz qr ss i0 0eng c | ||
| 010 | |a 2013236956 |z sn 87026388 | ||
| 016 | 7 | |a 011436794 |2 DE-101 | |
| 022 | |a 1996-8361 |l 1010-9609 |y 1010-9609 | ||
| 030 | |a WDINE8 | ||
| 035 | |a (WaSeSS)ssj0007398 | ||
| 037 | |b World Health Organization, Distribution and Sales, 1211 Geneva 27, Switzerland | ||
| 040 | |a OCLCS |b eng |c OCLCS |d DLM |d COU |d DLC |d HUA |d TXJ |d IUL |d MUX |d OCLCQ |d AU@ |d IL4J6 |d OCLCQ |d NOC |d CCT |d OCLCE |d OCLCQ |d OCLCF |d OCLCO |d OCLCQ |d OCLCO |d OCLCQ |d DOS |d OCLCO |d OCLCA |d LIP |d OCLCO |d XFH |d OCLCO |d OCLCA |d WY@ |d OCLCO |d ILACE |d OCLCA |d UEJ |d LND |d BUF |d OCLCA |d UAB |d Z5A |d VT2 |d WT2 |d ZAC |d U3W |d BRL |d UOK |d MOW |d OCLCQ |d OCLCO |d IUL |d OCLCO |d OCLCA |d RDF |d OCLCO |d AUD |d OCLCQ |d SFB |d WaSeSS | ||
| 041 | 0 | |a eng |a fre |a spa | |
| 042 | |a pcc |a dlr | ||
| 050 | 4 | |a RS189 |b .W47 | |
| 050 | 4 | |a RS1 |b .W67 | |
| 060 | 4 | |a W1 |b WH46 | |
| 082 | 0 | 4 | |a 615.105 |b W628 |
| 210 | 0 | |a WHO drug inf. |b (Online) | |
| 222 | 0 | |a WHO drug information |b (Online) | |
| 245 | 0 | 0 | |a WHO drug information |h [electronic resource]. |
| 246 | 3 | |a World Health Organization drug information | |
| 260 | |a Geneva : |b World Health Organization | ||
| 310 | |a Four no. a year | ||
| 362 | 1 | |a Print began with v. 1, no. 1. | |
| 506 | |a License restrictions may limit access. | ||
| 538 | |a Master and use copy. Digital master created according to Benchmark for Faithful Digital Reproductions of Monographs and Serials, Version 1. Digital Library Federation, December 2002. |u http://purl.oclc.org/DLF/benchrepro0212 |5 MiAaHDL | ||
| 538 | |a Mode of access: World Wide Web. | ||
| 546 | |a English and French, 1987-1993; English, French, and Spanish, 1992-1993; English only, 1994- | ||
| 583 | 1 | |a digitized |c 2010 |h HathiTrust Digital Library |l committed to preserve |2 pda |5 MiAaHDL | |
| 588 | 0 | |a Print version record. | |
| 588 | 1 | |a Vol. 30, no. 4 (2016) (WHO, viewed March 28, 2017). | |
| 650 | 0 | |a Drugs |x Standards |v Periodicals. | |
| 650 | 0 | |a Pharmaceutical industry |v Periodicals. | |
| 650 | 2 | |a Pharmaceutical Preparations |x standards. | |
| 650 | 7 | |a Pharmacology. |2 ebps | |
| 650 | 7 | |a Drugs |x Standards. |2 fast |0 (OCoLC)fst00898923 | |
| 650 | 7 | |a Pharmaceutical industry. |2 fast |0 (OCoLC)fst01060129 | |
| 650 | 7 | |a Health. |2 galestne | |
| 650 | 7 | |a Arzneimittel |2 gnd | |
| 650 | 1 | 7 | |a Geneesmiddelen. |2 gtt |
| 653 | 0 | |a Health. | |
| 655 | 0 | |a Electronic journals. | |
| 710 | 2 | |a World Health Organization. | |
| 776 | 0 | 8 | |i Print version: |t WHO drug information |x 1010-9609 |w (DLC) 99107135 |w (OCoLC)16392428 |
| 830 | 0 | |a Expanded Academic ASAP electronic journal collection. | |
| 856 | 4 | 0 | |z Full text available from Research Library: 01/01/1998 to present |u https://search.proquest.com/publication/32531 |